[Event "Belgrade Gligoric 100 Ann op"]
[Site "Belgrade"]
[Date "2023.02.05"]
[Round "7"]
[White "Govedarica, Radovan"]
[Black "Morales Romero, Pedro"]
[Result "0-1"]
[WhiteElo "2267"]
[BlackElo "2345"]
[PlyCount "82"]
[EventDate "2023.02.05"]
[EventType "swiss (blitz)"]
[EventRounds "11"]
[EventCountry "SRB"]
[SourceTitle "EXT 2024"]
[Source "ChessBase"]
[SourceDate "2023.10.10"]
[SourceVersion "1"]
[SourceVersionDate "2023.10.10"]
[SourceQuality "1"]

1. e4 c5 2. Nf3 Nc6 3. c3 d5 4. exd5 Qxd5 5. d4 Nf6 6. Be2 cxd4 7. cxd4 e6 8. Nc3 Qd6 9. 0-0 Be7 10. g3 0-0 11. Bf4 Qd8 12. Qd2 b6 13. Rfd1 Nb4 14. Ne5 Bb7 15. Bg5 Rc8 16. a3 Nbd5 17. Nxd5 Nxd5 18. Bxe7 Nxe7 19. Rac1 f6 20. Nf3 Qd5 21. Rc3 Nf5 22. Rdc1 g5 23. Rxc8 Rxc8 24. Rxc8+ Bxc8 25. Qc3 Bb7 26. Qc7 g4 27. Bc4 Qxf3 28. Bxe6+ Kh8 29. d5 Qd1+ 30. Kg2 Bxd5+ 31. Bxd5 Qxd5+ 32. Kg1 a5 33. Qxb6 Kg7 34. Qc7+ Kg6 35. Qc2 h5 36. Qc8 h4 37. Qe8+ Kg7 38. gxh4 Qd1+ 39. Kg2 Nxh4+ 40. Kg3 Qf3+ 41. Kxh4 Qh3# 0-1

[Event "Belgrade Gligoric 100 Ann op"]
[Site "Belgrade"]
[Date "2023.02.05"]
[Round "11"]
[White "Martynov, Aleksandr1111"]
[Black "Morales Romero, Pedro"]
[Result "0-1"]
[WhiteElo "1660"]
[BlackElo "2345"]
[PlyCount "86"]
[EventDate "2023.02.05"]
[EventType "swiss (blitz)"]
[EventRounds "11"]
[EventCountry "SRB"]
[SourceTitle "EXT 2024"]
[Source "ChessBase"]
[SourceDate "2023.10.10"]
[SourceVersion "1"]
[SourceVersionDate "2023.10.10"]
[SourceQuality "1"]

1. e4 c5 2. Nf3 e6 3. g3 Nc6 4. Bg2 d6 5. 0-0 Nf6 6. Qe2 e5 7. d3 Be7 8. Nc3 h6 9. h3 0-0 10. a3 Be6 11. Be3 d5 12. exd5 Nxd5 13. Nxd5 Bxd5 14. c3 Re8 15. Qd2 Qd7 16. Kh2 Rad8 17. Qc2 b6 18. Rfe1 Bf8 19. Rad1 Qf5 20. Nh4 Qe6 21. f4 Bxg2 22. Nxg2 f5 23. Qf2 Rd7 24. fxe5 g5 25. d4 cxd4 26. cxd4 Red8 27. h4 Nxe5 28. dxe5 Rxd1 29. Rxd1 Rxd1 30. hxg5 hxg5 31. Bxg5 Bc5 32. Qe2 Bg1+ 33. Kh3 f4+ 34. g4 Rd7 35. Nxf4 Qb3+ 36. Kg2 Be3 37. Qf3 Rd2+ 38. Kh3 Rxb2 39. Kh4 Rh2+ 40. Kg3 Bf2+ 41. Kxh2 Qxf3 42. e6 Qg3+ 43. Kh1 Qg1# 0-1

[Event "Belgrade Gligoric 100 Ann op"]
[Site "Belgrade"]
[Date "2023.02.05"]
[Round "5"]
[White "Sanal, Vahap"]
[Black "Morales Romero, Pedro"]
[Result "1-0"]
[WhiteElo "2590"]
[BlackElo "2345"]
[PlyCount "71"]
[EventDate "2023.02.05"]
[EventType "swiss (blitz)"]
[EventRounds "11"]
[EventCountry "SRB"]
[SourceTitle "EXT 2024"]
[Source "ChessBase"]
[SourceDate "2023.10.10"]
[SourceVersion "1"]
[SourceVersionDate "2023.10.10"]
[SourceQuality "1"]

1. e4 c5 2. Nf3 a6 3. c3 e6 4. d4 d5 5. e5 Bd7 6. Bd3 Bb5 7. Bxb5+ axb5 8. 0-0 Nc6 9. Be3 c4 10. Nbd2 b4 11. cxb4 Bxb4 12. a3 Be7 13. Ne1 h5 14. Nc2 Nh6 15. Qxh5 Kd7 16. Bxh6 Rxh6 17. Qxf7 Qh8 18. Qf4 Rf8 19. Qg3 Qh7 20. Rac1 Bh4 21. Qe3 Rf5 22. h3 Bg5 23. f4 Be7 24. Nf3 Rg6 25. Nh2 Bh4 26. Ng4 Ne7 27. b3 b5 28. a4 bxa4 29. bxc4 dxc4 30. Nb4 Nd5 31. Nxd5 exd5 32. Rb1 Rc6 33. Rb7+ Ke6 34. Nf6 Bxf6 35. exf6+ Kxf6 36. Qe7+ 1-0

[Event "FIDE Disabilities Olym"]
[Site "Belgrade"]
[Date "2023.02.02"]
[Round "?"]
[White "Alam, Khorshed"]
[Black "Morales Romero, Pedro"]
[Result "1-0"]
[WhiteElo "2065"]
[BlackElo "2339"]
[PlyCount "53"]
[EventDate "2023.01.30"]
[EventType "team-swiss"]
[EventRounds "6"]
[EventCountry "SRB"]
[SourceTitle "CBM 212 Extra"]
[Source "ChessBase"]
[SourceDate "2023.03.31"]
[SourceVersion "1"]
[SourceVersionDate "2023.03.31"]
[SourceQuality "1"]
[WhiteTeam "Bangladesh"]
[BlackTeam "Cuba"]
[WhiteTeamCountry "BAN"]
[BlackTeamCountry "CUB"]

1. d4 Nf6 2. Bf4 g6 3. Nc3 d5 4. Qd2 Bg7 5. Bh6 Bxh6 6. Qxh6 c5 7. e3 Nc6 8. Bb5 Bg4 9. f3 Bd7 10. dxc5 Qa5 11. a3 g5 12. Qxg5 Rg8 13. Qf4 Rxg2 14. Nge2 Qd8 15. 0-0-0 e5 16. Qh4 Qe7 17. Rhg1 Rxg1 18. Rxg1 0-0-0 19. b4 Bf5 20. Bd3 e4 21. fxe4 dxe4 22. Bc4 Ne5 23. Bb3 Nf3 24. Qf4 Bd7 25. Rg7 Ne5 26. Ng3 Neg4 27. Rxf7 1-0

[Event "Online Olym Disabilities"]
[Site "Tornelo INT"]
[Date "2020.11.26"]
[Round "6.18"]
[White "Koksal, Recep"]
[Black "Morales Romero, Pedro"]
[Result "0-1"]
[WhiteElo "1711"]
[BlackElo "2332"]
[PlyCount "96"]
[EventDate "2020.11.21"]
[EventType "team-swiss (rapid)"]
[EventRounds "7"]
[EventCountry "NET"]
[SourceTitle "CBM 199 Extra"]
[Source "ChessBase"]
[SourceDate "2021.01.31"]
[SourceVersion "1"]
[SourceVersionDate "2021.01.31"]
[SourceQuality "1"]
[WhiteTeam "Turkey II"]
[BlackTeam "Cuba"]
[WhiteTeamCountry "TUR"]
[BlackTeamCountry "CUB"]

1. d4 Nf6 2. Nf3 d5 3. g3 g6 4. Bg2 Bg7 5. 0-0 0-0 6. c4 c6 7. Nc3 dxc4 8. Ne5 Be6 9. e4 Qc8 10. Qe2 b5 11. a4 b4 12. Na2 a5 13. Nxc4 Qa6 14. b3 Nbd7 15. Bb2 Nb6 16. Rfc1 Bxc4 17. bxc4 Nxa4 18. e5 Nd5 19. Qc2 Ndb6 20. Bxc6 Nxb2 21. Bxa8 Rxa8 22. Qxb2 Nxc4 23. Qe2 Na3 24. Qxa6 Rxa6 25. Rc8+ Bf8 26. Nc1 e6 27. Nd3 Kg7 28. Kf1 Ra7 29. Ke2 Be7 30. Nc5 Nb5 31. Kd3 Nc3 32. Rb8 Nd5 33. Rb5 a4 34. Kc4 a3 35. Kb3 g5 36. Ne4 Rc7 37. Nc5 Ra7 38. h3 h5 39. Nb7 Ra6 40. Nc5 Ra7 41. Rc1 Kg6 42. Rc2 h4 43. gxh4 gxh4 44. f3 Kf5 45. Nd3 a2 46. Rxa2 Rxa2 47. Rxd5 Ra3+ 48. Kc4 Rc3+ 0-1

[Event "Online Olym Disabilities"]
[Site "Tornelo INT"]
[Date "2020.11.25"]
[Round "5.11"]
[White "Morales Romero, Pedro"]
[Black "Garzon Zapatanga, Christopher Leonel"]
[Result "1/2-1/2"]
[WhiteElo "2332"]
[BlackElo "1697"]
[PlyCount "108"]
[EventDate "2020.11.21"]
[EventType "team-swiss (rapid)"]
[EventRounds "7"]
[EventCountry "NET"]
[SourceTitle "CBM 199 Extra"]
[Source "ChessBase"]
[SourceDate "2021.01.31"]
[SourceVersion "1"]
[SourceVersionDate "2021.01.31"]
[SourceQuality "1"]
[WhiteTeam "Cuba"]
[BlackTeam "Ecuador"]
[WhiteTeamCountry "CUB"]
[BlackTeamCountry "ECU"]

1. e4 c5 2. Nf3 d6 3. d4 cxd4 4. Qxd4 Nc6 5. Bb5 Bd7 6. Bxc6 bxc6 7. c4 c5 8. Qd3 g6 9. Nc3 Bg7 10. 0-0 Nf6 11. h3 0-0 12. Bg5 Be6 13. Rad1 Qb6 14. b3 h6 15. Bd2 Qc7 16. Rfe1 Rad8 17. Nd5 Bxd5 18. exd5 Rfe8 19. Bc3 Qd7 20. Re2 Nh5 21. Re3 Nf4 22. Qe4 Bxc3 23. Rxc3 Qf5 24. Qxf5 gxf5 25. Re3 Kg7 26. Nh4 Kf6 27. Rf3 Ne2+ 28. Kf1 Nd4 29. Rxd4 cxd4 30. Nxf5 Kg6 31. Nxd4 e6 32. dxe6 fxe6 33. Re3 e5 34. Nb5 Rd7 35. Rd3 Red8 36. Rd5 Kf7 37. Ke2 Ke6 38. Nc3 Rc8 39. Ne4 Rc6 40. Kd3 Ra6 41. a4 Rb6 42. Kc2 Rc6 43. a5 Rdc7 44. Kd3 Rb7 45. Kc3 Rg7 46. g3 Rf7 47. Rd3 Rd7 48. Kb4 Rb7+ 49. Ka4 a6 50. g4 Rd7 51. Kb4 Rb7+ 52. Ka4 Rd7 53. Rf3 Rf7 54. Rd3 Rd7 1/2-1/2

[Event "Online Olym Disabilities"]
[Site "Tornelo INT"]
[Date "2020.11.24"]
[Round "4.7"]
[White "Anfinogenov, Artem"]
[Black "Morales Romero, Pedro"]
[Result "0-1"]
[WhiteElo "2061"]
[BlackElo "2332"]
[PlyCount "58"]
[EventDate "2020.11.21"]
[EventType "team-swiss (rapid)"]
[EventRounds "7"]
[EventCountry "NET"]
[SourceTitle "CBM 199 Extra"]
[Source "ChessBase"]
[SourceDate "2021.01.31"]
[SourceVersion "1"]
[SourceVersionDate "2021.01.31"]
[SourceQuality "1"]
[WhiteTeam "Russia III"]
[BlackTeam "Cuba"]
[WhiteTeamCountry "RUS"]
[BlackTeamCountry "CUB"]

1. d4 Nf6 2. c4 e6 3. Nc3 Bb4 4. Qb3 c5 5. dxc5 Na6 6. a3 Bxc3+ 7. Qxc3 Nxc5 8. f3 d6 9. b4 Na4 10. Qb3 Bd7 11. e4 0-0 12. Bf4 d5 13. Bd6 Re8 14. e5 dxc4 15. Bxc4 Nd5 16. Ne2 Qb6 17. Rd1 Rac8 18. Rd4 Bb5 19. Bxb5 Qxb5 20. Qd3 Qxd3 21. Rxd3 Rc2 22. g3 Rec8 23. Rd2 h5 24. Rxc2 Rxc2 25. Kf2 Ndc3 26. Re1 Nb2 27. Ke3 Ncd1+ 28. Ke4 Nf2+ 29. Kf4 Nfd3+ 0-1

[Event "Online Olym Disabilities"]
[Site "Tornelo INT"]
[Date "2020.11.21"]
[Round "1.5"]
[White "Morales Romero, Pedro"]
[Black "Suaza, Yesid Rodrigo"]
[Result "0-1"]
[WhiteElo "2332"]
[BlackElo "1836"]
[PlyCount "28"]
[EventDate "2020.11.21"]
[EventType "team-swiss (rapid)"]
[EventRounds "7"]
[EventCountry "NET"]
[SourceTitle "CBM 199 Extra"]
[Source "ChessBase"]
[SourceDate "2021.01.31"]
[SourceVersion "1"]
[SourceVersionDate "2021.01.31"]
[SourceQuality "1"]
[WhiteTeam "Cuba"]
[BlackTeam "Colombia II"]
[WhiteTeamCountry "CUB"]
[BlackTeamCountry "COL"]

1. e4 e6 2. Nf3 d5 3. Nc3 Nf6 4. e5 Nfd7 5. d4 c5 6. dxc5 Bxc5 7. Bd3 Nc6 8. Bf4 Nb4 9. Be2 b6 10. a3 Nc6 11. 0-0 Bb7 12. Bd3 Be7 13. Nb5 0-0 14. Nd6 Qc7 0-1

[Event "Vazquez Memorial IM 17th"]
[Site "Mayabeque"]
[Date "2019.09.29"]
[Round "7"]
[White "Morales Romero, Pedro"]
[Black "Lopez Gonzalez, Abel Fabian"]
[Result "1/2-1/2"]
[WhiteElo "2323"]
[BlackElo "2385"]
[PlyCount "24"]
[EventDate "2019.09.25"]
[EventType "tourn"]
[EventRounds "9"]
[EventCountry "CUB"]
[EventCategory "1"]
[SourceTitle "EXT 2020"]
[Source "ChessBase"]
[SourceDate "2019.10.17"]
[SourceVersion "1"]
[SourceVersionDate "2019.10.17"]
[SourceQuality "1"]

1. e4 e5 2. Nf3 Nc6 3. Nc3 Nf6 4. Bb5 Bb4 5. 0-0 0-0 6. d3 Bxc3 7. bxc3 d6 8. Bg5 Qe7 9. Re1 a6 10. Bxc6 bxc6 11. Rb1 Qe6 12. c4 h6 1/2-1/2

[Event "Guillermo Garcia Memorial op 27th"]
[Site "Santa Clara"]
[Date "2018.05.28"]
[Round "6"]
[White "Pampren, Victor"]
[Black "Morales Romero, Pedro"]
[Result "1-0"]
[WhiteElo "2196"]
[BlackElo "2361"]
[PlyCount "159"]
[EventDate "2018.05.22"]
[EventType "swiss"]
[EventRounds "9"]
[EventCountry "CUB"]
[SourceTitle "CBM 184 Extra"]
[Source "ChessBase"]
[SourceDate "2018.06.28"]
[SourceVersion "1"]
[SourceVersionDate "2018.06.28"]
[SourceQuality "1"]

1. Nf3 Nf6 2. g3 g6 3. Bg2 Bg7 4. 0-0 0-0 5. d4 d6 6. c4 Nbd7 7. Nc3 c6 8. e4 e5 9. h3 exd4 10. Nxd4 Re8 11. Be3 Nb6 12. b3 d5 13. exd5 cxd5 14. c5 Nbd7 15. b4 Rxe3 16. fxe3 Qe7 17. Qe2 a5 18. a3 Ne5 19. Kh2 h5 20. Rad1 h4 21. g4 Nexg4+ 22. hxg4 Nxg4+ 23. Kh1 Qe5 24. Rf4 Nxe3 25. Nxd5 h3 26. Bf3 Nxd5 27. Qxe5 Bxe5 28. Re4 Nc3 29. Rxe5 Nxd1 30. Re8+ Kg7 31. b5 Nc3 32. c6 Nxb5 33. Nxb5 bxc6 34. Nd6 Bb7 35. Re7 Ba6 36. Rxf7+ Kh6 37. Bxc6 Rb8 38. Rf3 Rb1+ 39. Kh2 Bf1 40. Nf7+ Kg7 41. Ng5 Rb2+ 42. Kg3 Bg2 43. Ne6+ Kg8 44. Rf8+ Kh7 45. Bxg2 hxg2 46. Kh2 Rb3 47. a4 Rb4 48. Rf4 Rb2 49. Rc4 Ra2 50. Nf4 Kg7 51. Nxg2 Kf6 52. Kg3 Ke5 53. Ne3 Ra3 54. Kf3 g5 55. Rg4 Kf6 56. Re4 Kg6 57. Ke2 Kh5 58. Kd2 Rb3 59. Re5 Kh4 60. Rxa5 Ra3 61. Nc2 Rf3 62. Rd5 g4 63. Rd3 Rf2+ 64. Kc3 g3 65. Ne3 Kg5 66. Rd4 Rf3 67. Kd2 Rf2+ 68. Ke1 Ra2 69. Kf1 Ra3 70. Re4 Ra2 71. Kg1 Kf6 72. Nf1 Ra3 73. Kg2 Kf5 74. Rb4 Ke5 75. Nxg3 Kd5 76. Ne4 Re3 77. Nf6+ Kc6 78. Kf2 Ra3 79. Ne4 Kd5 80. Ke2 1-0

[Event "Guillermo Garcia Memorial op 27th"]
[Site "Santa Clara"]
[Date "2018.05.26"]
[Round "5"]
[White "Morales Romero, Pedro"]
[Black "Berdayes Ason, Dylan Isidro"]
[Result "0-1"]
[WhiteElo "2361"]
[BlackElo "2406"]
[PlyCount "84"]
[EventDate "2018.05.22"]
[EventType "swiss"]
[EventRounds "9"]
[EventCountry "CUB"]
[SourceTitle "CBM 184 Extra"]
[Source "ChessBase"]
[SourceDate "2018.06.28"]
[SourceVersion "1"]
[SourceVersionDate "2018.06.28"]
[SourceQuality "1"]

1. e4 c5 2. Nf3 d6 3. d4 cxd4 4. Nxd4 Nf6 5. Nc3 Nc6 6. Bg5 e6 7. Qd2 Be7 8. 0-0-0 Nxd4 9. Qxd4 0-0 10. e5 dxe5 11. Qxe5 Bd7 12. Be2 Ng4 13. Bxe7 Nxe5 14. Bxd8 Rfxd8 15. f4 Ng6 16. Bf3 Rab8 17. g3 Ne7 18. Rd2 Bc6 19. Bxc6 Rxd2 20. Kxd2 Nxc6 21. Ke3 Rd8 22. Rd1 Rxd1 23. Nxd1 Kf8 24. c4 Ke7 25. Nc3 f5 26. Nb5 e5 27. fxe5 Nxe5 28. c5 b6 29. cxb6 axb6 30. Kd4 Nf3+ 31. Kd5 Nxh2 32. Kc6 g5 33. Kxb6 f4 34. gxf4 gxf4 35. Nd4 f3 36. a4 f2 37. Nf5+ Kd7 38. Ne3 f1Q 39. Nxf1 Nxf1 40. Kb7 Ne3 41. a5 Nd5 42. a6 h5 0-1

[Event "Guillermo Garcia Memorial op 27th"]
[Site "Santa Clara"]
[Date "2018.05.23"]
[Round "2"]
[White "Charon Mustelier, Manuel"]
[Black "Morales Romero, Pedro"]
[Result "1/2-1/2"]
[WhiteElo "2166"]
[BlackElo "2361"]
[PlyCount "101"]
[EventDate "2018.05.22"]
[EventType "swiss"]
[EventRounds "9"]
[EventCountry "CUB"]
[SourceTitle "CBM 184 Extra"]
[Source "ChessBase"]
[SourceDate "2018.06.28"]
[SourceVersion "1"]
[SourceVersionDate "2018.06.28"]
[SourceQuality "1"]

1. e4 c5 2. Nf3 a6 3. c4 Nc6 4. d4 cxd4 5. Nxd4 e5 6. Nc2 Nf6 7. Nc3 Bc5 8. Be3 d6 9. Be2 0-0 10. 0-0 Be6 11. Rb1 Rc8 12. Qd2 Qb6 13. Qxd6 Bxe3 14. Nxe3 Rfd8 15. Qa3 Nd4 16. Rfe1 Nxe2+ 17. Rxe2 Bxc4 18. Nxc4 Rxc4 19. Rbe1 Qc6 20. h3 Qc7 21. Qb3 b5 22. a3 h5 23. Nd5 Nxd5 24. exd5 Rc1 25. Rxe5 Qxe5 26. Rxc1 Rxd5 27. Qc2 g6 28. b4 Kg7 29. Qc6 Rd6 30. Qc2 h4 31. Qc8 g5 32. Qc2 Rd4 33. Rd1 Rc4 34. Qd2 Re4 35. Qd8 Re2 36. Qd3 Ra2 37. Rf1 Qf4 38. Qb3 Qd2 39. Qf3 Qf4 40. Qb3 Qd2 41. Qf3 Qd4 42. Rd1 Qe5 43. Rf1 Rc2 44. Qb7 Qf6 45. Qd7 Rc4 46. Qd2 g4 47. hxg4 Rxg4 48. Qe3 Qg6 49. Qf3 Rd4 50. Re1 Rd3 51. Re3 1/2-1/2

[Event "Capablanca Memorial op 53rd"]
[Site "Havana"]
[Date "2018.05.16"]
[Round "7"]
[White "Morales Romero, Pedro"]
[Black "Quesada Perez, Luis Ernesto"]
[Result "1/2-1/2"]
[WhiteElo "2361"]
[BlackElo "2462"]
[PlyCount "200"]
[EventDate "2018.05.09"]
[EventType "swiss"]
[EventRounds "10"]
[EventCountry "CUB"]
[SourceTitle "EXT 2021"]
[Source "ChessBase"]
[SourceDate "2020.10.23"]
[SourceVersion "1"]
[SourceVersionDate "2020.10.23"]
[SourceQuality "1"]

1. e4 c5 2. Nf3 d6 3. d4 cxd4 4. Nxd4 Nf6 5. Nc3 a6 6. Rg1 e5 7. Nb3 h5 8. Bg5 Be6 9. Be2 Nbd7 10. a4 Be7 11. Qd2 Rc8 12. a5 g6 13. f3 Kf8 14. Be3 Kg7 15. Kf2 Qc7 16. Rgd1 Rhd8 17. Kg1 d5 18. exd5 Nxd5 19. Nxd5 Bxd5 20. Bh6+ Kg8 21. Qxd5 Nf6 22. Qc4 Rxd1+ 23. Rxd1 Qxc4 24. Bxc4 Rxc4 25. c3 Rc6 26. Bg5 Kf8 27. Re1 Nd7 28. Bxe7+ Kxe7 29. Re4 b5 30. Kf2 Kd6 31. Re2 Nf6 32. Nd2 Nd5 33. Ne4+ Ke7 34. Rd2 Nc7 35. Ke2 Ne6 36. Kd1 f5 37. Nf2 Nc5 38. Kc2 Ke6 39. b4 Nd7 40. Kb3 g5 41. h3 h4 42. Re2 Rd6 43. c4 bxc4+ 44. Kxc4 Rd4+ 45. Kb3 Nf6 46. Rc2 Nd5 47. Rc6+ Kd7 48. Rxa6 Rd2 49. Rg6 Rxf2 50. Rxg5 Rf1 51. a6 Ra1 52. b5 Kd6 53. Rxf5 Rb1+ 54. Ka3 Rxb5 55. Rh5 Ne3 56. Rxh4 Kc7 57. Rh7+ Kb8 58. Ka4 Rb6 59. a7+ Ka8 60. g4 Nc4 61. h4 Nb2+ 62. Ka3 Nc4+ 63. Ka2 Ra6+ 64. Kb3 Nd2+ 65. Kc3 Nxf3 66. h5 Rd6 67. Re7 Rd8 68. Kb4 Rc8 69. Ka5 Nd4 70. Ka6 Rc6+ 71. Ka5 Rh6 72. Rd7 Nc6+ 73. Kb5 Nxa7+ 74. Kc5 Nc8 75. Rg7 e4 76. Kd4 Re6 77. Rg6 Re8 78. Ke3 Ne7 79. Rd6 Kb7 80. Rd4 Kc7 81. Rxe4 Kd7 82. Kf3 Rg8 83. Re5 Nc6 84. Re4 Kd6 85. Kf4 Rf8+ 86. Kg3 Ne5 87. g5 Rf5 88. Kh4 Ke6 89. h6 Rf1 90. Kg3 Rg1+ 91. Kf4 Rg4+ 92. Ke3 Rxg5 93. h7 Rg3+ 94. Kf4 Rf3+ 95. Kg5 Rh3 96. Rxe5+ Kxe5 97. Kg6 Ke6 98. Kg7 Rg3+ 99. Kf8 Rf3+ 100. Kg7 Rg3+ 1/2-1/2

[Event "Capablanca Memorial op 53rd"]
[Site "Havana"]
[Date "2018.05.15"]
[Round "6"]
[White "Martinez Duany, Lelys Stanley"]
[Black "Morales Romero, Pedro"]
[Result "1-0"]
[WhiteElo "2507"]
[BlackElo "2361"]
[PlyCount "102"]
[EventDate "2018.05.09"]
[EventType "swiss"]
[EventRounds "10"]
[EventCountry "CUB"]
[SourceTitle "CBM 184 Extra"]
[Source "ChessBase"]
[SourceDate "2018.06.28"]
[SourceVersion "1"]
[SourceVersionDate "2018.06.28"]
[SourceQuality "1"]

1. Nf3 Nf6 2. c4 e6 3. g3 d5 4. Bg2 dxc4 5. Qa4+ Bd7 6. Qxc4 c5 7. Ne5 Qc8 8. Nc3 Nc6 9. Nxd7 Qxd7 10. Qa4 Rc8 11. d3 Be7 12. 0-0 0-0 13. Bg5 Rfd8 14. Rfc1 b6 15. Rab1 Nd5 16. Bxe7 Qxe7 17. Nxd5 exd5 18. e3 Qf6 19. Qf4 Qxf4 20. gxf4 f5 21. Kf1 a5 22. Ke2 Rd6 23. h4 Re8 24. Kd2 h5 25. a3 Kf8 26. Rc3 g6 27. Rbc1 Na7 28. b4 c4 29. bxa5 Nb5 30. R3c2 c3+ 31. Kd1 d4 32. a4 Nc7 33. axb6 Rxb6 34. exd4 Ne6 35. Rxc3 Nxf4 36. Bc6 Rd8 37. Bb5 Ne6 38. Rc8 Rxc8 39. Rxc8+ Ke7 40. d5 Nd4 41. Bc4 Rb2 42. a5 Rxf2 43. a6 Rf1+ 44. Kd2 Ra1 45. Rg8 Nf3+ 46. Ke3 Ne5 47. Kd4 Nxc4 48. dxc4 Rxa6 49. Ke5 Ra4 50. Rg7+ Kd8 51. c5 Ke8 1-0

[Event "Capablanca Memorial op 53rd"]
[Site "Havana"]
[Date "2018.05.12"]
[Round "4"]
[White "Jimenez Fraga, Pedro Alejandro"]
[Black "Morales Romero, Pedro"]
[Result "0-1"]
[WhiteElo "2467"]
[BlackElo "2361"]
[PlyCount "132"]
[EventDate "2018.05.09"]
[EventType "swiss"]
[EventRounds "10"]
[EventCountry "CUB"]
[SourceTitle "EXT 2021"]
[Source "ChessBase"]
[SourceDate "2020.10.23"]
[SourceVersion "1"]
[SourceVersionDate "2020.10.23"]
[SourceQuality "1"]

1. d4 d5 2. Nf3 Nc6 3. Bf4 Bg4 4. Nbd2 e6 5. h3 Bxf3 6. Nxf3 Bd6 7. e3 Nf6 8. Bd3 Bxf4 9. exf4 Qd6 10. Qc1 0-0 11. c3 Ne7 12. 0-0 c5 13. dxc5 Qxc5 14. Re1 Nc6 15. g3 a6 16. Qc2 Rac8 17. Qe2 Rfd8 18. Rad1 g6 19. Ne5 Rc7 20. h4 Kg7 21. Kg2 h5 22. Rd2 Nxe5 23. fxe5 Nd7 24. Bb1 b5 25. Rd4 Rb8 26. Qd2 Nb6 27. g4 Rh8 28. Qe2 hxg4 29. Qxg4 Qe7 30. Bd3 Na4 31. Re2 Nc5 32. Bc2 Nd7 33. Bd3 Rh5 34. Qg3 Rc8 35. a4 bxa4 36. Rg4 Rch8 37. Re3 R8h6 38. Kh3 Nc5 39. Be2 Rf5 40. Qg2 Ne4 41. f3 Nc5 42. Bd1 Rfh5 43. Qg3 Qb7 44. Rb4 Qc6 45. Kg2 a5 46. Rg4 Qb5 47. Qf2 Rf5 48. Bc2 Rfh5 49. Bd1 Qb8 50. Kh3 Qb6 51. Re1 Qb5 52. Be2 Qc6 53. Bf1 Rh8 54. c4 Rb8 55. cxd5 Qxd5 56. Bc4 Rxb2 57. Qg3 Qd2 58. Rg1 Rh6 59. Rf4 Nd7 60. Re4 a3 61. Re2 Qc3 62. Re4 a2 63. Rd1 Rd2 64. Rxd2 a1Q 65. Rxd7 Qh1+ 66. Kg4 Qcxf3+ 0-1

[Event "Giraldilla de La Habana tt"]
[Site "Havana"]
[Date "2018.??.??"]
[Round "8.3"]
[White "Morales Romero, Pedro"]
[Black "Alvarez Fernandez, Carlos Rene"]
[Result "1-0"]
[WhiteElo "2362"]
[BlackElo "2365"]
[PlyCount "97"]
[EventDate "2018.07.27"]
[EventType "team-tourn"]
[EventRounds "9"]
[EventCountry "CUB"]
[SourceTitle "EXT 2021"]
[Source "ChessBase"]
[SourceDate "2020.10.23"]
[SourceVersion "1"]
[SourceVersionDate "2020.10.23"]
[SourceQuality "1"]

1. e4 e6 2. Nf3 d5 3. Nc3 d4 4. Ne2 c5 5. b4 Nc6 6. b5 Nce7 7. Ng3 Ng6 8. Bc4 Bd6 9. 0-0 N8e7 10. d3 Qc7 11. Ng5 0-0 12. Qh5 h6 13. Nh3 Nf4 14. Nxf4 Bxf4 15. Bxf4 Qxf4 16. Qxc5 Ng6 17. Qxd4 e5 18. Qd6 Nh4 19. d4 Re8 20. Qc7 Bh3 21. Nf5 Bxf5 22. exf5 Qxf5 23. Bd5 Rad8 24. Bxb7 Rd7 25. Qc6 e4 26. f3 exf3 27. Rf2 Rde7 28. Raf1 Re1 29. Qc3 R1e3 30. Qc5 Qg4 31. g3 Re1 32. Qc3 R1e3 33. Qc7 R3e7 34. Qc6 Re1 35. Qc4 R1e2 36. Bxf3 Nxf3+ 37. Rxf3 R8e6 38. Rxf7 Qe4 39. R7f2 Rxf2 40. Rxf2 Qe3 41. Qb3 Qe1+ 42. Kg2 Kh7 43. Qd3+ Kg8 44. c4 Qc1 45. c5 Re1 46. Qb3+ Kh8 47. Rf8+ Kh7 48. Qg8+ Kg6 49. Qf7+ 1-0

[Event "Clemente Vazquez Memorial-B"]
[Site "Santa Maria del Mar"]
[Date "2017.09.26"]
[Round "5"]
[White "Morales Romero, Pedro"]
[Black "Chinchilla Miranda, Eugenio"]
[Result "1-0"]
[WhiteElo "2371"]
[BlackElo "2196"]
[PlyCount "45"]
[EventDate "2016.09.22"]
[EventType "tourn"]
[EventRounds "9"]
[EventCountry "CUB"]
[SourceTitle "EXT 2019"]
[Source "ChessBase"]
[SourceDate "2018.10.10"]
[SourceVersion "1"]
[SourceVersionDate "2018.10.10"]
[SourceQuality "1"]

1. e4 e5 2. Nf3 Nc6 3. Bc4 Bc5 4. c3 Nf6 5. d4 exd4 6. cxd4 Bb4+ 7. Bd2 Bxd2+ 8. Nbxd2 d5 9. exd5 Nxd5 10. 0-0 0-0 11. Rc1 Nb6 12. Bb3 Bg4 13. h3 Bh5 14. Rc5 Bg6 15. Qc1 Rc8 16. Qc3 Qd6 17. a4 a5 18. h4 h5 19. Re1 Rfd8 20. Ne4 Qf4 21. g3 Qxe4 22. Rxe4 Bxe4 23. Bxf7+ 1-0

[Event "Clemente Vazquez Memorial-B"]
[Site "Santa Maria del Mar"]
[Date "2017.09.23"]
[Round "2"]
[White "Aponte Castillo, Jose Ernesto"]
[Black "Morales Romero, Pedro"]
[Result "1/2-1/2"]
[WhiteElo "2108"]
[BlackElo "2371"]
[PlyCount "117"]
[EventDate "2016.09.22"]
[EventType "tourn"]
[EventRounds "9"]
[EventCountry "CUB"]
[SourceTitle "EXT 2019"]
[Source "ChessBase"]
[SourceDate "2018.10.10"]
[SourceVersion "1"]
[SourceVersionDate "2018.10.10"]
[SourceQuality "1"]

1. c4 e5 2. Nc3 Nf6 3. d3 Bb4 4. Bd2 0-0 5. Nf3 Re8 6. e3 Bxc3 7. Bxc3 Nc6 8. Be2 d5 9. cxd5 Nxd5 10. Bd2 Ndb4 11. Bxb4 Nxb4 12. 0-0 Bf5 13. Ne1 Qd7 14. Qb3 a5 15. a3 Nd5 16. Rc1 c6 17. Nf3 a4 18. Qc4 Qd6 19. Rfd1 Qh6 20. Bf1 Be6 21. Qe4 Nf6 22. Qb4 Bd5 23. e4 Bb3 24. Re1 Rab8 25. d4 exd4 26. e5 Nd5 27. Qxd4 Rbd8 28. Bc4 Nf4 29. Qe3 Bxc4 30. Rxc4 Nd3 31. Qxh6 gxh6 32. Rb1 Ra8 33. Re4 Ra5 34. Kf1 Kf8 35. Re3 Rd5 36. b3 axb3 37. Rxb3 Nc5 38. Rb4 b5 39. Rh4 Ne6 40. a4 Ra8 41. axb5 cxb5 42. Rb4 Ra2 43. g3 Rd1+ 44. Kg2 Rd5 45. Reb3 Nc7 46. Rb1 Ra4 47. R4b3 Rc4 48. R1b2 Ke7 49. Nd2 Rcd4 50. Nf3 Ra4 51. Rc2 Kd7 52. Kf1 Ne6 53. h4 b4 54. Rc4 Rb5 55. Nd4 Rxe5 56. Nxe6 Rxe6 57. Rcxb4 Rxb4 58. Rxb4 Ke7 59. Kg2 1/2-1/2

[Event "Clemente Vazquez Memorial-B"]
[Site "Santa Maria del Mar"]
[Date "2017.09.22"]
[Round "1"]
[White "Soto Vega, Jorge"]
[Black "Morales Romero, Pedro"]
[Result "1-0"]
[WhiteElo "2333"]
[BlackElo "2371"]
[PlyCount "68"]
[EventDate "2016.09.22"]
[EventType "tourn"]
[EventRounds "9"]
[EventCountry "CUB"]
[SourceTitle "EXT 2019"]
[Source "ChessBase"]
[SourceDate "2018.10.10"]
[SourceVersion "1"]
[SourceVersionDate "2018.10.10"]
[SourceQuality "1"]

1. e4 c6 2. d4 d5 3. f3 dxe4 4. fxe4 Nf6 5. e5 Nd5 6. c4 Nc7 7. Nc3 e6 8. Nf3 Bb4 9. Bg5 Be7 10. Bf4 0-0 11. Bd3 c5 12. d5 exd5 13. cxd5 Bg4 14. 0-0 Bxf3 15. Qxf3 Bg5 16. Bg3 Nd7 17. a4 Nb6 18. Rad1 g6 19. Kh1 c4 20. Be2 f5 21. a5 Nd7 22. d6 Ne6 23. Bxc4 Re8 24. Nb5 Rc8 25. Bxe6+ Rxe6 26. Qd5 Nf8 27. Nd4 Qd7 28. Rd3 f4 29. Bf2 Kh8 30. Rb3 f3 31. Rxf3 Ree8 32. Rf7 Qg4 33. d7 Rc1 34. Rxc1 Bxc1 1-0